000 00555nam a2200217 a 4500
999 _c623
_d623
008 190805r20122013ii |||||||||||||0 ||eng||
020 _a9788180549311
_cRs.490.00
040 _aKO
_beng
041 0 _aeng
044 _aii
082 0 4 _a519.5
_bG9592
100 1 _aGupta, S. P.
245 1 0 _aStatistical Methods /
_cS. P. Gupta
250 _a42nd rev. ed.
260 _aNew Delhi :
_bSultan Chand & Sons,
_c2012, reprint 2013
300 _axx, 1425 p. ;
_c24 cm.
650 0 _aStatistics
_vTextbooks
904 _aS_JOY
942 _cBK